000 00409nam a2200157 i 4500
001 bg
100 1 _aGÖÖCK, Roland
245 _aZrób to sam /
_cRoland Goock ; [Tłum. z niem. Jan Guzera i in.].
260 _aWarszawa :
_bArkady,
_c1978.
300 _as. 389, nlb. 3 :
_bilustr.
040 _cBPK
041 _apol
080 _a643/645:689
942 _cKS
008 s pl f |000 0 pol
999 _c9980
_d9980
856 _uhttp://koha.tu.koszalin.pl/cgi-bin/koha/opac-detail.pl?biblionumber=9980
_yKatalog online BPK